| 000 | 00789nam a22001577a 4500 | ||
|---|---|---|---|
| 003 | OSt | ||
| 005 | 20161031153546.0 | ||
| 008 | 161031b xxu||||| |||| 00| 0 eng d | ||
| 040 | _cRUA | ||
| 082 | _aFOR IM 2015 B524 Or. | ||
| 100 |
_911044 _aIM VATHANAK; អឹុម វឌ្ឃនៈ |
||
| 245 | _aStudy on the assessment of the hydropower dam's impacts on eco-tourism area in toekchhuo district, kampot province; សិក្សាអំពីការវាយតម្លៃផលប៉ះពាល់នៃទំនប់ទឹកវារីអគ្គីសនីទៅលើតំបន់អេកូទេសចរណ័ ស្រុកទឹកឈូ ខេត្តកំពត | ||
| 260 |
_aPhnom Penh _bRUA _c2015 |
||
| 300 |
_aviii; 33p. _bill. _c29cm. |
||
| 942 |
_2ddc _cFOR |
||
| 999 |
_c10629 _d10629 |
||